[Event "Poznan Chess Festival"]
[Site "chess24.com"]
[Date "2021.08.22"]
[Round "9"]
[White "Purczynski, Andrzej"]
[Black "Pilny, Piotr"]
[Result "1/2-1/2"]
[Board "31"]
[WhiteElo "1221"]
[WhiteCountry "POL"]
[WhiteFideId "21836914"]
[WhiteEloChange "6"]
[BlackElo "1484"]
[BlackCountry "POL"]
[BlackFideId "21064334"]
[BlackEloChange "-6"]

1. e4 {[%clk 1:30:30]} d5 {[%clk 1:30:30]} 2. exd5 {[%clk 1:30:30]} Nf6 {[%clk
1:30:30]} 3. Nf3 {[%clk 1:30:30]} Bg4 {[%clk 1:30:30]} 4. h3 {[%clk 1:30:30]} Bf5
{[%clk 1:30:30]} 5. d4 {[%clk 1:30:30]} Nxd5 {[%clk 1:30:30]} 6. c3 {[%clk
1:30:30]} g6 {[%clk 1:30:30]} 7. Qb3 {[%clk 1:30:30]} Nb6 {[%clk 1:30:30]} 8. Ng5
{[%clk 1:30:30]} e6 {[%clk 1:30:30]} 9. g4 {[%clk 1:30:30]} Bxb1 {[%clk 1:30:30]}
10. Rxb1 {[%clk 1:30:30]} Qd5 {[%clk 1:30:30]} 11. Qb5+ {[%clk 1:30:30]} Qxb5
{[%clk 1:30:30]} 12. Bxb5+ {[%clk 1:30:30]} c6 {[%clk 1:30:30]} 13. Be2 {[%clk
1:30:30]} Bg7 {[%clk 1:30:30]} 14. O-O {[%clk 1:30:30]} O-O {[%clk 1:30:30]} 15.
Bf4 {[%clk 1:30:30]} N8d7 {[%clk 1:30:30]} 16. Nf3 {[%clk 1:30:30]} Rfe8 {[%clk
1:30:30]} 17. Ne5 {[%clk 1:30:30]} Rad8 {[%clk 1:30:30]} 18. Rbd1 {[%clk
1:30:30]} Nd5 {[%clk 1:30:30]} 19. Bg3 {[%clk 1:30:30]} Nxe5 {[%clk 1:30:30]} 20.
dxe5 {[%clk 1:30:30]} g5 {[%clk 1:30:30]} 21. h4 {[%clk 1:30:30]} h6 {[%clk
1:30:30]} 22. hxg5 {[%clk 1:30:30]} hxg5 {[%clk 1:30:30]} 23. Bf3 {[%clk
1:30:30]} Nf4 {[%clk 1:30:30]} 24. Bxf4 {[%clk 1:30:30]} gxf4 {[%clk 1:30:30]}
25. Rfe1 {[%clk 1:30:30]} Rxd1 {[%clk 1:30:30]} 26. Bxd1 {[%clk 1:30:30]} Rd8
{[%clk 1:30:30]} 27. Bf3 {[%clk 1:30:30]} Rd2 {[%clk 1:30:30]} 28. Re2 {[%clk
1:30:30]} Rxe2 {[%clk 1:30:30]} 29. Bxe2 {[%clk 1:30:30]} Bxe5 {[%clk 1:30:30]}
30. Kg2 {[%clk 1:30:30]} Kf8 {[%clk 1:30:30]} 31. Kf3 {[%clk 1:30:30]} f6 {[%clk
1:30:30]} 32. Ke4 {[%clk 1:30:30]} Ke7 {[%clk 1:30:30]} 33. g5 {[%clk 1:30:30]}
Kf7 {[%clk 1:30:30]} 34. Bh5+ {[%clk 1:30:30]} Kg7 {[%clk 1:30:30]} 35. Be8
{[%clk 1:30:30]} Bd6 {[%clk 1:30:30]} 36. g6 {[%clk 1:30:30]} f5+ {[%clk
1:30:30]} 37. Kd3 {[%clk 1:30:30]} Kf6 {[%clk 1:30:30]} 38. c4 {[%clk 1:30:30]}
Be5 {[%clk 1:30:30]} 39. b3 {[%clk 1:30:30]} c5 {[%clk 1:30:30]} 40. Ke2 {[%clk
1:30:30]} Ke7 {[%clk 1:30:30]} 41. Bf7 {[%clk 1:30:30]} Bg7 {[%clk 1:30:30]} 42.
Kd3 {[%clk 1:30:30]} e5 {[%clk 1:30:30]} 43. f3 {[%clk 1:30:30]} a5 {[%clk
1:30:30]} 44. a4 {[%clk 1:30:30]} Kf6 {[%clk 1:30:30]} 45. Be8 {[%clk 1:30:30]}
Kg5 {[%clk 1:30:30]} 46. Bf7 {[%clk 1:30:30]} b6 {[%clk 1:30:30]} 47. Be8 {[%clk
1:30:30]} Bh6 {[%clk 1:30:30]} 48. Bf7 {[%clk 1:30:30]} Kh4 {[%clk 1:30:30]} 49.
Be6 {[%clk 1:30:30]} 1/2-1/2

[Event "Poznan Chess Festival"]
[Site "chess24.com"]
[Date "2021.08.22"]
[Round "9"]
[White "Huchwajda, Grzegorz"]
[Black "Korzeniewski, Lucjan"]
[Result "1-0"]
[Board "32"]
[WhiteElo "1440"]
[WhiteCountry "POL"]
[WhiteFideId "21806357"]
[WhiteEloChange "4"]
[BlackElo "1203"]
[BlackCountry "POL"]
[BlackFideId "21097950"]
[BlackEloChange "-4"]

1. e4 {[%clk 1:30:30]} c6 {[%clk 1:30:30]} 2. d4 {[%clk 1:30:30]} d5 {[%clk
1:30:30]} 3. Nc3 {[%clk 1:30:30]} dxe4 {[%clk 1:30:30]} 4. Nxe4 {[%clk 1:30:30]}
Nf6 {[%clk 1:30:30]} 5. Nxf6+ {[%clk 1:30:30]} exf6 {[%clk 1:30:30]} 6. Be3
{[%clk 1:30:30]} Bd6 {[%clk 1:30:30]} 7. Qd2 {[%clk 1:30:30]} Be6 {[%clk
1:30:30]} 8. Nf3 {[%clk 1:30:30]} Nd7 {[%clk 1:30:30]} 9. c4 {[%clk 1:30:30]} Rc8
{[%clk 1:30:30]} 10. Be2 {[%clk 1:30:30]} O-O {[%clk 1:30:30]} 11. O-O {[%clk
1:30:30]} g5 {[%clk 1:30:30]} 12. h3 {[%clk 1:30:30]} Kh8 {[%clk 1:30:30]} 13. d5
{[%clk 1:30:30]} cxd5 {[%clk 1:30:30]} 14. cxd5 {[%clk 1:30:30]} Bf5 {[%clk
1:30:30]} 15. Nd4 {[%clk 1:30:30]} Be4 {[%clk 1:30:30]} 16. Bf3 {[%clk 1:30:30]}
Bg6 {[%clk 1:30:30]} 17. Rac1 {[%clk 1:28:34]} Qe7 {[%clk 1:30:30]} 18. Nb5
{[%clk 1:28:34]} Bb4 {[%clk 1:30:30]} 19. Qd1 {[%clk 1:28:34]} a6 {[%clk
1:30:30]} 20. d6 {[%clk 1:28:34]} Qe5 {[%clk 1:30:30]} 21. Rxc8 {[%clk 1:28:34]}
Rxc8 {[%clk 1:30:30]} 22. Bxb7 {[%clk 1:28:34]} Rb8 {[%clk 1:30:30]} 23. Bxa6
{[%clk 1:28:34]} Rxb5 {[%clk 1:30:30]} 24. Bxb5 {[%clk 1:28:34]} Qxb5 {[%clk
1:30:30]} 25. Qb3 {[%clk 1:28:34]} Qa5 {[%clk 1:30:30]} 26. Rd1 {[%clk 1:28:34]}
Bc5 {[%clk 1:30:30]} 27. a3 {[%clk 1:28:34]} Kg7 {[%clk 1:30:30]} 28. Qd5 {[%clk
1:28:34]} Qa7 {[%clk 1:30:30]} 29. Bxc5 {[%clk 1:28:34]} Nxc5 {[%clk 1:30:30]}
30. Qd4 {[%clk 1:28:34]} Bf5 {[%clk 1:30:30]} 31. b4 {[%clk 1:28:34]} 1-0

[Event "Poznan Chess Festival"]
[Site "chess24.com"]
[Date "2021.08.22"]
[Round "9"]
[White "Cholewa, Jan"]
[Black "Czyzewski, Leon"]
[Result "1/2-1/2"]
[Board "36"]
[WhiteElo "1250"]
[WhiteCountry "POL"]
[WhiteFideId "21023956"]
[WhiteEloChange "-4"]
[BlackElo "1086"]
[BlackCountry "POL"]
[BlackFideId "21007314"]
[BlackEloChange "4"]

1. e4 {[%clk 1:30:30]} e5 {[%clk 1:30:30]} 2. Nf3 {[%clk 1:30:30]} Nc6 {[%clk
1:30:30]} 3. d4 {[%clk 1:30:30]} exd4 {[%clk 1:30:30]} 4. Bc4 {[%clk 1:30:30]}
Nf6 {[%clk 1:30:30]} 5. e5 {[%clk 1:30:30]} d5 {[%clk 1:23:40]} 6. Bb5 {[%clk
1:30:30]} Nd7 {[%clk 1:23:40]} 7. O-O {[%clk 1:30:30]} Be7 {[%clk 1:23:40]} 8.
Bxc6 {[%clk 1:30:30]} bxc6 {[%clk 1:23:40]} 9. Nxd4 {[%clk 1:30:30]} Nxe5 {[%clk
1:23:40]} 10. Re1 {[%clk 1:30:30]} c5 {[%clk 1:23:40]} 11. Rxe5 {[%clk 1:30:30]}
cxd4 {[%clk 1:23:40]} 12. Qxd4 {[%clk 1:30:30]} Be6 {[%clk 1:23:40]} 13. Qa4+
{[%clk 1:30:30]} Bd7 {[%clk 1:23:40]} 14. Qb3 {[%clk 1:30:30]} Be6 {[%clk
1:23:40]} 15. Qb5+ {[%clk 1:30:30]} Qd7 {[%clk 1:23:40]} 16. Qxd7+ {[%clk
1:30:30]} Kxd7 {[%clk 1:23:40]} 17. c3 {[%clk 1:30:30]} Bf6 {[%clk 1:23:40]} 18.
Re2 {[%clk 1:30:30]} Rhe8 {[%clk 1:23:40]} 19. Na3 {[%clk 1:30:30]} Bf5 {[%clk
1:23:40]} 20. Be3 {[%clk 1:30:30]} Re7 {[%clk 1:23:40]} 21. Rd2 {[%clk 1:30:30]}
c6 {[%clk 1:23:40]} 22. c4 {[%clk 1:30:30]} Be6 {[%clk 1:23:40]} 23. Bc5 {[%clk
1:30:30]} Ree8 {[%clk 1:23:40]} 24. Rc1 {[%clk 1:30:30]} Rab8 {[%clk 1:23:40]}
25. b3 {[%clk 1:30:30]} Bg5 {[%clk 1:23:40]} 26. Be3 {[%clk 1:30:30]} Bxe3 {[%clk
1:23:40]} 27. fxe3 {[%clk 1:30:30]} f6 {[%clk 1:23:40]} 28. e4 {[%clk 1:30:30]}
Bf7 {[%clk 1:23:40]} 29. cxd5 {[%clk 1:30:30]} cxd5 {[%clk 1:23:40]} 30. exd5
{[%clk 1:30:30]} Re5 {[%clk 1:23:40]} 31. d6 {[%clk 1:30:30]} Rd5 {[%clk
1:23:40]} 32. Rxd5 {[%clk 1:30:30]} Bxd5 {[%clk 1:23:40]} 33. Rc7+ {[%clk
1:30:30]} Kxd6 {[%clk 1:23:40]} 34. Rxg7 {[%clk 1:30:30]} Rb7 {[%clk 1:23:40]}
35. Nc4+ {[%clk 1:30:30]} Kc5 {[%clk 1:23:40]} 36. Rxb7 {[%clk 1:30:30]} Bxb7
{[%clk 1:23:40]} 37. Kf2 {[%clk 1:30:30]} Bd5 {[%clk 1:23:40]} 38. Ne3 {[%clk
1:30:30]} Be6 {[%clk 1:23:40]} 39. Ke2 {[%clk 1:30:30]} Kb4 {[%clk 1:23:40]} 40.
Kd2 {[%clk 1:30:30]} Ka3 {[%clk 1:23:40]} 41. Kc3 {[%clk 1:30:30]} Kxa2 {[%clk
1:23:40]} 42. Nc4 {[%clk 1:30:30]} h5 {[%clk 1:23:40]} 43. h4 {[%clk 1:30:30]} f5
{[%clk 1:23:40]} 44. g3 {[%clk 1:30:30]} a6 {[%clk 1:23:40]} 45. Kb4 {[%clk
1:30:30]} Bd7 {[%clk 1:23:40]} 46. Kc3 {[%clk 1:30:30]} Be6 {[%clk 1:23:40]} 47.
Kb4 {[%clk 1:30:30]} Bd7 {[%clk 1:23:40]} 48. Kc3 {[%clk 1:30:30]} Be6 {[%clk
1:23:40]} 49. Na5 {[%clk 1:30:30]} Ka3 {[%clk 1:23:40]} 50. Nc4+ {[%clk 1:30:30]}
Ka2 {[%clk 1:23:40]} 1/2-1/2

[Event "Poznan Chess Festival"]
[Site "chess24.com"]
[Date "2021.08.22"]
[Round "9"]
[White "Podobinski, Piotr"]
[Black "Michalska, Lena"]
[Result "1-0"]
[Board "37"]
[WhiteElo "1130"]
[WhiteCountry "POL"]
[WhiteFideId "21063141"]
[WhiteEloChange "13"]
[BlackElo "1231"]
[BlackCountry "POL"]
[BlackFideId "21012130"]
[BlackEloChange "-13"]

1. d4 {[%clk 1:30:30]} d5 {[%clk 1:30:30]} 2. c4 {[%clk 1:30:30]} e6 {[%clk
1:30:30]} 3. Nf3 {[%clk 1:30:30]} Nf6 {[%clk 1:30:30]} 4. g3 {[%clk 1:30:30]} Be7
{[%clk 1:30:30]} 5. Bg2 {[%clk 1:30:30]} c6 {[%clk 1:30:30]} 6. O-O {[%clk
1:30:30]} h6 {[%clk 1:30:30]} 7. Qc2 {[%clk 1:30:30]} g5 {[%clk 1:30:30]} 8. cxd5
{[%clk 1:30:30]} exd5 {[%clk 1:30:30]} 9. Nc3 {[%clk 1:30:30]} Be6 {[%clk
1:30:30]} 10. Rd1 {[%clk 1:30:30]} g4 {[%clk 1:30:30]} 11. Nd2 {[%clk 1:30:30]}
h5 {[%clk 1:30:30]} 12. e4 {[%clk 1:30:30]} h4 {[%clk 1:30:30]} 13. exd5 {[%clk
1:30:30]} Nxd5 {[%clk 1:30:30]} 14. Nxd5 {[%clk 1:30:30]} cxd5 {[%clk 1:30:30]}
15. Nf1 {[%clk 1:30:30]} Nc6 {[%clk 1:30:30]} 16. Bf4 {[%clk 1:30:30]} Bf6 {[%clk
1:30:30]} 17. Rac1 {[%clk 1:30:30]} hxg3 {[%clk 1:30:30]} 18. Bxg3 {[%clk
1:30:30]} Qd7 {[%clk 1:30:30]} 19. Qb3 {[%clk 1:30:30]} a6 {[%clk 1:30:30]} 20.
Ne3 {[%clk 1:30:30]} Nxd4 {[%clk 1:30:30]} 21. Rxd4 {[%clk 1:30:30]} Bxd4 {[%clk
1:30:30]} 22. Rc7 {[%clk 1:30:30]} Qb5 {[%clk 1:30:30]} 23. Qa3 {[%clk 1:30:30]}
Bd7 {[%clk 1:30:30]} 24. Nxd5 {[%clk 1:30:30]} Bc5 {[%clk 1:30:30]} 25. Rxc5
{[%clk 1:30:30]} O-O {[%clk 1:30:30]} 26. Rxb5 {[%clk 1:30:30]} Bxb5 {[%clk
1:30:30]} 27. Nf6+ {[%clk 1:30:30]} Kg7 {[%clk 1:30:30]} 28. Qc3 {[%clk 1:30:30]}
Rac8 {[%clk 1:30:30]} 29. Nh5+ {[%clk 1:30:30]} Kg6 {[%clk 1:30:30]} 30. Qg7+
{[%clk 1:30:30]} Kxh5 {[%clk 1:30:30]} 31. Qh7+ {[%clk 1:30:30]} Kg5 {[%clk
1:30:30]} 32. Bh4+ {[%clk 1:30:30]} 1-0

[Event "Poznan Chess Festival"]
[Site "chess24.com"]
[Date "2021.08.22"]
[Round "9"]
[White "Weglarz, Janusz"]
[Black "Klapec, Adam"]
[Result "1-0"]
[Board "38"]
[WhiteElo "1607"]
[WhiteCountry "POL"]
[WhiteFideId "1123076"]
[WhiteEloChange "2"]
[BlackElo "1159"]
[BlackCountry "POL"]
[BlackFideId "21881162"]
[BlackEloChange "-2"]

1. Nf3 {[%clk 1:30:30]} c5 {[%clk 1:30:30]} 2. e4 {[%clk 1:30:30]} Nc6 {[%clk
1:30:30]} 3. Nc3 {[%clk 1:30:30]} g6 {[%clk 1:30:30]} 4. Bb5 {[%clk 1:30:30]} Bg7
{[%clk 1:30:30]} 5. Bxc6 {[%clk 1:30:30]} bxc6 {[%clk 1:30:30]} 6. O-O {[%clk
1:30:30]} d6 {[%clk 1:30:30]} 7. Re1 {[%clk 1:30:30]} Nf6 {[%clk 1:30:30]} 8. h3
{[%clk 1:30:30]} O-O {[%clk 1:30:30]} 9. e5 {[%clk 1:30:30]} Nd5 {[%clk 1:30:30]}
10. Ne4 {[%clk 1:30:30]} Rb8 {[%clk 1:30:30]} 11. c3 {[%clk 1:30:30]} Qc7 {[%clk
1:30:30]} 12. d3 {[%clk 1:30:30]} Nb6 {[%clk 1:30:30]} 13. Qe2 {[%clk 1:30:30]}
Be6 {[%clk 1:30:30]} 14. Neg5 {[%clk 1:30:30]} Qd7 {[%clk 1:30:30]} 15. exd6
{[%clk 1:30:30]} exd6 {[%clk 1:30:30]} 16. Nxe6 {[%clk 1:30:30]} fxe6 {[%clk
1:30:30]} 17. Qxe6+ {[%clk 1:30:30]} Rf7 {[%clk 1:30:30]} 18. Ng5 {[%clk
1:30:30]} Be5 {[%clk 1:30:30]} 19. Qxf7+ {[%clk 1:30:30]} Qxf7 {[%clk 1:30:30]}
20. Nxf7 {[%clk 1:30:30]} Kxf7 {[%clk 1:30:30]} 21. Bg5 {[%clk 1:30:30]} Nd5
{[%clk 1:30:30]} 22. Re2 {[%clk 1:30:30]} Nf4 {[%clk 1:30:30]} 23. Bxf4 {[%clk
1:30:30]} Bxf4 {[%clk 1:30:30]} 24. f3 {[%clk 1:30:30]} Be5 {[%clk 1:30:30]} 25.
Rd1 {[%clk 1:30:30]} Rb5 {[%clk 1:30:30]} 26. f4 {[%clk 1:30:30]} Bf6 {[%clk
1:30:30]} 27. Kf2 {[%clk 1:30:30]} d5 {[%clk 1:30:30]} 28. g4 {[%clk 1:30:30]} d4
{[%clk 1:30:30]} 29. c4 {[%clk 1:30:30]} Rb7 {[%clk 1:30:30]} 30. g5 {[%clk
1:30:30]} Bg7 {[%clk 1:30:30]} 31. b3 {[%clk 1:30:30]} a5 {[%clk 1:30:30]} 32.
Rde1 {[%clk 1:30:30]} Bf8 {[%clk 1:30:30]} 33. Re6 {[%clk 1:30:30]} Re7 {[%clk
1:30:30]} 34. Rf6+ {[%clk 1:30:30]} Kg7 {[%clk 1:30:30]} 35. Ree6 {[%clk
1:30:30]} 1-0

[Event "Poznan Chess Festival"]
[Site "chess24.com"]
[Date "2021.08.22"]
[Round "9"]
[White "Wojciechowski, Mateusz"]
[Black "Kierska, Pola"]
[Result "1-0"]
[Board "40"]
[WhiteElo "1171"]
[WhiteCountry "POL"]
[WhiteFideId "21081050"]
[WhiteEloChange "8"]
[BlackElo "1107"]
[BlackCountry "POL"]
[BlackFideId "21854262"]
[BlackEloChange "-8"]

1. e4 {[%clk 1:30:30]} e5 {[%clk 1:30:30]} 2. Nf3 {[%clk 1:30:30]} Nc6 {[%clk
1:30:30]} 3. Bc4 {[%clk 1:30:30]} Bc5 {[%clk 1:30:30]} 4. c3 {[%clk 1:30:30]} Nf6
{[%clk 1:30:30]} 5. d4 {[%clk 1:30:30]} exd4 {[%clk 1:30:30]} 6. cxd4 {[%clk
1:30:30]} Bb4+ {[%clk 1:30:30]} 7. Bd2 {[%clk 1:30:30]} Bxd2+ {[%clk 1:30:30]} 8.
Nbxd2 {[%clk 1:30:30]} d6 {[%clk 1:30:30]} 9. d5 {[%clk 1:30:30]} Ne5 {[%clk
1:30:30]} 10. Nxe5 {[%clk 1:30:30]} dxe5 {[%clk 1:30:30]} 11. O-O {[%clk
1:30:30]} O-O {[%clk 1:30:30]} 12. Re1 {[%clk 1:30:30]} Qd6 {[%clk 1:30:30]} 13.
Qb3 {[%clk 1:30:30]} b6 {[%clk 1:30:30]} 14. Rac1 {[%clk 1:30:30]} Bb7 {[%clk
1:30:30]} 15. Bb5 {[%clk 1:30:30]} Nxd5 {[%clk 1:30:30]} 16. exd5 {[%clk
1:30:30]} Bxd5 {[%clk 1:30:30]} 17. Qd3 {[%clk 1:30:30]} Rfd8 {[%clk 1:30:30]}
18. Nc4 {[%clk 1:30:30]} Bxc4 {[%clk 1:30:59]} 19. Qxd6 {[%clk 1:30:30]} cxd6
{[%clk 1:30:59]} 20. Bxc4 {[%clk 1:30:30]} Rac8 {[%clk 1:30:59]} 21. Bb3 {[%clk
1:30:30]} Rc5 {[%clk 1:30:59]} 22. g3 {[%clk 1:30:30]} Rdc8 {[%clk 1:30:59]} 23.
Rcd1 {[%clk 1:30:30]} Rd8 {[%clk 1:30:59]} 24. Rd2 {[%clk 1:30:30]} Kf8 {[%clk
1:30:59]} 25. Red1 {[%clk 1:30:30]} Ke7 {[%clk 1:30:59]} 26. Kg2 {[%clk 1:30:30]}
a5 {[%clk 1:30:59]} 27. Kf3 {[%clk 1:30:30]} f5 {[%clk 1:30:59]} 28. h3 {[%clk
1:30:30]} b5 {[%clk 1:30:59]} 29. Rd5 {[%clk 1:30:30]} a4 {[%clk 1:30:59]} 30.
Rxc5 {[%clk 1:30:30]} dxc5 {[%clk 1:30:59]} 31. Rxd8 {[%clk 1:30:30]} Kxd8 {[%clk
1:30:59]} 32. Bg8 {[%clk 1:30:30]} Ke7 {[%clk 1:30:59]} 33. Bxh7 {[%clk 1:30:30]}
Kf6 {[%clk 1:30:59]} 34. g4 {[%clk 1:30:30]} f4 {[%clk 1:30:59]} 35. Be4 {[%clk
1:30:30]} b4 {[%clk 1:30:59]} 36. Bc2 {[%clk 1:30:30]} a3 {[%clk 1:30:59]} 37.
bxa3 {[%clk 1:30:30]} bxa3 {[%clk 1:30:59]} 38. Bb3 {[%clk 1:30:30]} Ke7 {[%clk
1:30:59]} 39. Ke4 {[%clk 1:30:30]} Kd6 {[%clk 1:30:59]} 40. h4 {[%clk 1:30:30]}
g6 {[%clk 1:30:59]} 41. f3 {[%clk 1:30:30]} Kc6 {[%clk 1:30:59]} 42. Kxe5 {[%clk
1:30:30]} Kb5 {[%clk 1:30:59]} 43. Kd5 {[%clk 1:30:30]} Kb4 {[%clk 1:30:59]} 44.
h5 {[%clk 1:30:30]} gxh5 {[%clk 1:30:59]} 45. gxh5 {[%clk 1:30:30]} 1-0

[Event "Poznan Chess Festival"]
[Site "chess24.com"]
[Date "2021.08.22"]
[Round "9"]
[White "Nowak, Samuel"]
[Black "Zarzycki, Piotr"]
[Result "0-1"]
[Board "43"]
[WhiteElo "1054"]
[WhiteCountry "POL"]
[WhiteFideId "21097909"]
[WhiteEloChange "-2"]
[BlackElo "1410"]
[BlackCountry "POL"]
[BlackFideId "21843520"]
[BlackEloChange "2"]

1. d4 {[%clk 1:30:30]} Nf6 {[%clk 1:30:30]} 2. Nf3 {[%clk 1:30:30]} d5 {[%clk
1:30:30]} 3. c4 {[%clk 1:30:30]} e6 {[%clk 1:30:30]} 4. Nc3 {[%clk 1:30:30]} Be7
{[%clk 1:30:30]} 5. Bg5 {[%clk 1:30:30]} O-O {[%clk 1:30:30]} 6. e3 {[%clk
1:30:30]} h6 {[%clk 1:30:30]} 7. Bh4 {[%clk 1:30:30]} b6 {[%clk 1:30:30]} 8. Bd3
{[%clk 1:30:30]} Ba6 {[%clk 1:26:39]} 9. Qe2 {[%clk 1:30:30]} Nc6 {[%clk
1:26:39]} 10. cxd5 {[%clk 1:30:30]} Bxd3 {[%clk 1:26:39]} 11. Qxd3 {[%clk
1:30:30]} Nb4 {[%clk 1:26:39]} 12. Qd2 {[%clk 1:30:30]} Nbxd5 {[%clk 1:26:39]}
13. O-O {[%clk 1:30:30]} Nxc3 {[%clk 1:26:39]} 14. Qxc3 {[%clk 1:30:30]} Rc8
{[%clk 1:26:39]} 15. Rac1 {[%clk 1:30:30]} c5 {[%clk 1:26:39]} 16. dxc5 {[%clk
1:30:30]} Rxc5 {[%clk 1:26:39]} 17. Qd2 {[%clk 1:30:30]} Qxd2 {[%clk 1:26:39]}
18. Nxd2 {[%clk 1:30:30]} Rfc8 {[%clk 1:26:39]} 19. Nb3 {[%clk 1:30:30]} Rc2
{[%clk 1:26:39]} 20. h3 {[%clk 1:30:30]} a5 {[%clk 1:26:39]} 21. Rxc2 {[%clk
1:30:30]} Rxc2 {[%clk 1:26:39]} 22. Rb1 {[%clk 1:30:30]} g5 {[%clk 1:26:39]} 23.
Bg3 {[%clk 1:30:30]} Ne4 {[%clk 1:26:39]} 24. Nd4 {[%clk 1:30:30]} Rc8 {[%clk
1:26:39]} 25. Kh2 {[%clk 1:30:30]} Nxg3 {[%clk 1:26:39]} 26. Kxg3 {[%clk
1:30:30]} Bc5 {[%clk 1:26:39]} 27. Rc1 {[%clk 1:30:30]} Bd6+ {[%clk 1:26:39]} 0-1